Vývoj miery inflácie v SR a ČR. Porovnanie bakalárska práca

Gespeichert in:
Bibliographische Detailangaben
1. Verfasser: Jonáš, Ľudovít
Körperschaft: Fakulta hospodárskej informatiky EU. Katedra štatistiky
Weitere Verfasser: Rublíková, Eva
Format: Buch
Sprache:Slowakisch
Veröffentlicht: Bratislava 2014
Tags: Tag hinzufügen
Keine Tags, Fügen Sie das erste Tag hinzu!

MARC

LEADER 00000nbm a2200000 4500
001 0189857
005 20170201112210.1
041 0 |a slo 
044 |a SK 
245 1 0 |a Vývoj miery inflácie v SR a ČR. Porovnanie  |b bakalárska práca  |c Ľudovít Jonáš ; školiteľ: Eva Rublíková 
264 1 |a Bratislava  |c 2014 
300 |a 40 s. 
100 1 |a Jonáš, Ľudovít 
700 1 |a Rublíková, Eva 
710 2 |a Fakulta hospodárskej informatiky EU. Katedra štatistiky